ANATOMY & PHYSIOLOGY FOR NURSES (Record no. 4075)

MARC details
000 -LEADER
fixed length control field 00340nam a2200145Ia 4500
008 - FIXED-LENGTH DATA ELEMENTS--GENERAL INFORMATION
fixed length control field 150201s2005 xx 000 0 und d
082 ## - DEWEY DECIMAL CLASSIFICATION NUMBER
Classification number 611
Item number A2005W
100 ## - MAIN ENTRY--PERSONAL NAME
Personal name WATSON,ROGER
245 ## - TITLE STATEMENT
Title ANATOMY & PHYSIOLOGY FOR NURSES
250 ## - EDITION STATEMENT
Edition statement 11TH
260 ## - PUBLICATION, DISTRIBUTION, ETC. (IMPRINT)
Name of publisher, distributor, etc. ELSEVIER
Place of publication, distribution, etc. DELHI
Date of publication, distribution, etc. 2005
300 ## - PHYSICAL DESCRIPTION
Extent 1-393
650 ## - SUBJECT ADDED ENTRY--TOPICAL TERM
Topical term or geographic name as entry element ANATOMY
942 ## - ADDED ENTRY ELEMENTS (KOHA)
Source of classification or shelving scheme Dewey Decimal Classification
Koha item type Books
Holdings
Withdrawn status Lost status Source of classification or shelving scheme Damaged status Not for loan Home library Current library Date acquired Source of acquisition Cost, normal purchase price Serial Enumeration / chronology SGTU Bill Number Total Checkouts Full call number Barcode Date last seen Bill Date Koha item type
    Dewey Decimal Classification     SGT Dental Library SGT Dental Library 10/06/2008 U.B.S.DELHI 280.00 1 SGTU 1023   611 A2005W FD5388 09/02/2015 05/02/2013 Books
    Dewey Decimal Classification     SGT Dental Library SGT Dental Library 10/06/2008 U.B.S.DELHI 280.00 1 SGTU 1023   611 A2005W FD5389 09/02/2015 05/02/2013 Books
    Dewey Decimal Classification     SGT Dental Library SGT Dental Library 10/06/2008 U.B.S.DELHI 280.00 1 SGTU 1023   611 A2005W FD5390 09/02/2015 05/02/2013 Books
    Dewey Decimal Classification     SGT Dental Library SGT Dental Library 10/06/2008 U.B.S.DELHI 280.00 1 SGTU 1023   611 A2005W FD5391 09/02/2015 05/02/2013 Books
    Dewey Decimal Classification     SGT Dental Library SGT Dental Library 10/06/2008 U.B.S.DELHI 280.00 1 SGTU 1023   611 A2005W FD5392 09/02/2015 05/02/2013 Books
    Dewey Decimal Classification     SGT Dental Library SGT Dental Library 10/06/2008 U.B.S.DELHI 280.00 1 SGTU 1023   611 A2005W FD5393 09/02/2015 05/02/2013 Books